EVERY JetPunk User with a Featured Quiz in Spanish - Statistics

General Stats
  • This quiz has been taken 8 times
  • The average score is 6 of 30
Answer Stats
# User % Correct
4 cathlete
60%
374 Jato3
60%
29 Stewart
60%
1,033 Gamer1162
40%
7 Gassu
40%
17 Jerry928
40%
7 OskarRB
40%
1 Pandora49
40%
1 relessness
40%
1 Emchupi
20%
1 Gohokiesandturtles
20%
2 Nathaniel
20%
1 PabMaps
20%
2 scambiandJerry
20%
1 UG332
20%
1 WolfCam
20%
3 Azgyr
0%
1 baptistegorce
0%
1 BolyaiAnna
0%
1 edavmon
0%
1 G2
0%
5 GamerandJerry
0%
1 Ghugoo
0%
2 Jiaozira
0%
1 MJDSPAIN
0%
2 Momillo
0%
1 QuantumMechanist
0%
24 Quizgas
0%
5 skukka
0%
2 sonofapollo
0%
No matching quizzes found
Score Distribution
Percent of People with Each Score
Percentile by Number Answered
Your Score History
You have not taken this quiz